[Event "Mittelfrank Regionalliga Nord-West 2223"]
[Site "Mittelfranken"]
[Date "2023.04.23"]
[Round "9.4"]
[White "Orf, Niklas"]
[Black "Mehling, Katharina"]
[Result "1/2-1/2"]
[WhiteElo "1975"]
[BlackElo "2083"]
[PlyCount "118"]
[EventDate "2022.10.09"]
[EventType "team-tourn"]
[EventRounds "9"]
[EventCountry "GER"]
[SourceTitle "EXT 2024"]
[Source "ChessBase"]
[SourceDate "2023.10.10"]
[SourceVersion "1"]
[SourceVersionDate "2023.10.10"]
[SourceQuality "1"]
[WhiteTeam "Bad Neustadt"]
[BlackTeam "Stetten"]
[WhiteTeamCountry "GER"]
[BlackTeamCountry "GER"]

1. e4 e6 2. d4 d5 3. e5 c5 4. c3 Nc6 5. Nf3 Bd7 6. Bd3 cxd4 7. 0-0 dxc3 8. Nxc3 Bc5 9. Bf4 a6 10. Rc1 Ba7 11. Bg3 Nge7 12. Re1 h6 13. h4 Qb6 14. b3 Rc8 15. h5 Nd4 16. Nh4 Qb4 17. Qd2 Nb5 18. Ne4 Qxd2 19. Rxc8+ Nxc8 20. Nxd2 Ne7 21. Rc1 Nd4 22. Kh2 Nec6 23. a3 Ke7 24. f4 Rc8 25. Be1 Na5 26. Rxc8 Bxc8 27. b4 Nac6 28. g4 Bb8 29. Ndf3 Nxf3+ 30. Nxf3 f6 31. Bg3 Bd7 32. Kg2 Na7 33. Bf2 Nb5 34. Bc5+ Kf7 35. Bg6+ Kg8 36. a4 Nc3 37. a5 Ne2 38. Be3 Bb5 39. Kf2 Nc3 40. Bd4 Ne2 41. Be3 fxe5 42. fxe5 Bc7 43. Bc5 Nf4 44. Ke3 Nxg6 45. hxg6 Be8 46. Bd6 Bd8 47. Nd4 Bg5+ 48. Ke2 Bd7 49. Nb3 Bc8 50. Kd3 Bf4 51. Nd4 Bd7 52. Nb3 Bh2 53. Nc5 Bc8 54. Ke2 Bg1 55. Nb3 Bd7 56. Bc5 Bxc5 57. Nxc5 Bc8 58. Na4 Bd7 59. Nc5 Bc8 1/2-1/2

[Event "Mittelfrank Regionalliga Nord-West 2223"]
[Site "Mittelfranken"]
[Date "2022.10.09"]
[Round "1.2"]
[White "Hilbig, Olaf"]
[Black "Orf, Niklas"]
[Result "1/2-1/2"]
[WhiteElo "1977"]
[BlackElo "1975"]
[PlyCount "23"]
[EventDate "2022.10.09"]
[EventType "team-tourn"]
[EventRounds "9"]
[EventCountry "GER"]
[SourceTitle "EXT 2024"]
[Source "ChessBase"]
[SourceDate "2023.10.10"]
[SourceVersion "1"]
[SourceVersionDate "2023.10.10"]
[SourceQuality "1"]
[WhiteTeam "Hof PTSV"]
[BlackTeam "Bad Neustadt"]
[WhiteTeamCountry "GER"]
[BlackTeamCountry "GER"]

1. d4 Nf6 2. e3 d5 3. Bd3 g6 4. f4 Bg7 5. Nf3 0-0 6. 0-0 c5 7. c3 Qc7 8. Nbd2 Bf5 9. Bxf5 gxf5 10. Ne5 e6 11. Qe1 Ne4 12. Qh4 1/2-1/2

[Event "Mittelfrank Regionalliga Nord-West 2122"]
[Site "Mittelfranken"]
[Date "2022.06.26"]
[Round "3.2"]
[White "Orf, Niklas"]
[Black "Krannich, Steffen"]
[Result "0-1"]
[WhiteElo "1917"]
[BlackElo "1931"]
[PlyCount "116"]
[EventDate "2021.10.24"]
[EventType "team-tourn"]
[EventRounds "9"]
[EventCountry "GER"]
[SourceTitle "EXT 2024"]
[Source "ChessBase"]
[SourceDate "2023.10.10"]
[SourceVersion "1"]
[SourceVersionDate "2023.10.10"]
[SourceQuality "1"]
[WhiteTeam "Bad Neustadt"]
[BlackTeam "Wuerzburg II"]
[WhiteTeamCountry "GER"]
[BlackTeamCountry "GER"]

1. d4 d5 2. Bf4 Nf6 3. e3 e6 4. Nf3 Bd6 5. Bg3 0-0 6. c3 c5 7. Bd3 b6 8. Qe2 Bb7 9. Nbd2 Nc6 10. Ne5 Ne7 11. f4 Nf5 12. Bf2 Be7 13. g4 Nd6 14. g5 Nfe4 15. Qh5 cxd4 16. exd4 Qe8 17. Qg4 b5 18. Rg1 a5 19. h4 Nf5 20. h5 b4 21. g6 fxg6 22. hxg6 hxg6 23. Nxg6 Rf6 24. Qh5 Nh6 25. Nf3 Bd6 26. Be3 Rf5 27. Qh3 bxc3 28. bxc3 Rc8 29. Nge5 Rh5 30. Qg2 Nf5 31. Bd2 Qe7 32. Ng5 Nxd2 33. Kxd2 Bxe5 34. fxe5 Nh4 35. Bh7+ Rxh7 36. Qh3 Rh6 37. Raf1 Nf5 38. Qd3 Rg6 39. Rxf5 exf5 40. Qxf5 Rh6 41. e6 Rf8 42. Nf7 Rxf7 43. exf7+ Qxf7 44. Qg5 Qf6 45. Qg3 Ba6 46. Kc1 Bc4 47. Qb8+ Kh7 48. Qc7 Rh3 49. Qd7 Qf4+ 50. Kb1 Rg3 51. Rh1+ Kg6 52. Qe8+ Qf7 53. Qh8 Qf5+ 54. Ka1 Rg2 55. Qe8+ Qf7 56. Qc6+ Kg5 57. Qc8 Rxa2+ 58. Kb1 Qg6+ 0-1

[Event "Unterfranken-ch69 HT"]
[Site "Schweinfurt"]
[Date "2018.04.07"]
[Round "9"]
[White "Orf, Niklas"]
[Black "Rachor, Udo"]
[Result "1-0"]
[WhiteElo "1892"]
[BlackElo "1618"]
[PlyCount "49"]
[EventDate "2018.04.02"]
[EventType "swiss"]
[EventRounds "9"]
[EventCountry "GER"]
[SourceTitle "EXT 2019"]
[Source "ChessBase"]
[SourceDate "2018.10.10"]
[SourceVersion "1"]
[SourceVersionDate "2018.10.10"]
[SourceQuality "1"]

1. d4 d5 2. Bf4 Bf5 3. e3 a6 4. Bd3 e6 5. Bxf5 exf5 6. Qd3 g6 7. Nf3 Bg7 8. c4 c6 9. Qb3 b5 10. cxd5 cxd5 11. Nc3 Ne7 12. 0-0 Nbc6 13. Rac1 Na5 14. Qb4 Nc4 15. b3 Nb6 16. Rc2 0-0 17. Rfc1 Nd7 18. Bd6 Re8 19. Bxe7 Qxe7 20. Qxe7 Rxe7 21. Nxd5 Re4 22. Nd2 Rh4 23. Rc7 Nf6 24. Rc8+ Rxc8 25. Rxc8+ 1-0